LEADER 00915nam0 22002531i 450 001 UON00408411 005 20231205104729.434 100 $a20120417d1961 |0itac50 ba 101 $arus 102 $aSU 105 $a|||| 1|||| 200 1 $aPoemy$fVasilij Kamenskij 210 $aMoskva$cChudo?estvennaja literatura$d1961 215 $a213 p.$d17 cm. 620 $aRU$dMoskva$3UONL003152 676 $a891.7142$cLetteratura russa. Poesia 1917-1945$v22 700 1$aKAMENSKIJ$bVasilij Vasil'evi?$3UONV209113 712 $aChudo?estvennaja literatura$3UONV265798$4650 801 $aIT$bSOL$c20241213$gRICA 899 $aSIBA - SISTEMA BIBLIOTECARIO DI ATENEO$2UONSI 912 $aUON00408411 950 $aSIBA - SISTEMA BIBLIOTECARIO DI ATENEO$dSI RUSSO A 1385 $eSI SLA149 5 1385 996 $aPoemy$91345589 997 $aUNIOR